000 00344nam a2200133Ia 4500
008 240624s9999 xx 000 0 und d
041 _aeng
082 _a828 KAK
100 _aKAKAR SUDHIR
245 _aMAD AND DIVINE SPIRIT AND PSYCHE IN THE
260 _c2008
_aNew Delhi
_bPenguin/Viking
300 _a178 : p. : cm. ; 20
365 _cRS
_b30
999 _c13655
_d13655